| Tag |
First Indicator |
Second Indicator |
Subfields |
| LEADER |
00000cam a2200000 i 4500 |
| 001 |
in00000033405 |
| 005 |
20151007060616.0 |
| 008 |
800815s1978 oncaf b 11010beng |
| 010 |
|
|
|a 80480812
|
| 015 |
|
|
|a C***
|
| 020 |
|
|
|a 0919216129
|
| 035 |
|
|
|a (OCoLC)06710025
|
| 035 |
|
|
|9 AAC1270AM
|
| 040 |
|
|
|a DLC
|c DLC
|d m.c.
|d UtOrBLW
|
| 043 |
|
|
|a n-cn---
|
| 049 |
|
|
|a TXAM
|c [A11552897]
|
| 050 |
0 |
0 |
|a QE748.A1
|b W37 1976
|
| 082 |
0 |
|
|a 560/.1/7
|2 19
|
| 111 |
2 |
|
|a P.S. Warren Biostratigraphy Symposium
|d (1976 :
|c University of Alberta)
|
| 245 |
1 |
0 |
|a Western and arctic Canadian biostratigraphy :
|b the proceedings of the P. S. Warren Biostratigraphy Symposium organized by the Geological Association of Canada and the Edmonton Geological Society, held at the University of Alberta, Edmonton, Alberta, May 19, 1976 /
|c edited by C. R. Stelck and B. D. E. Chatterton.
|
| 264 |
|
1 |
|a Waterloo, Ont. :
|b Geological Association of Canada, Dept. of Earth Sciences, University of Waterloo,
|c 1978.
|
| 300 |
|
|
|a xi, 602 pages, 1 unnumbered leaf of plates :
|b illustrations ;
|c 24 cm.
|
| 336 |
|
|
|a text
|b txt
|2 rdacontent
|
| 337 |
|
|
|a unmediated
|b n
|2 rdamedia
|
| 338 |
|
|
|a volume
|b nc
|2 rdacarrier
|
| 490 |
1 |
|
|a Special paper / Geological Association of Canada ;
|v no. 18
|
| 500 |
|
|
|a "Percival Sydney Warren memorial volume."
|
| 500 |
|
|
|a Summaries in French.
|
| 504 |
|
|
|a Includes bibliographies.
|
| 650 |
|
0 |
|a Paleontology
|z Canada
|x Congresses.
|
| 650 |
|
0 |
|a Geology, Stratigraphic
|v Congresses.
|
| 650 |
|
0 |
|a Geology
|z Canada
|x Congresses.
|
| 600 |
1 |
0 |
|a Warren, Percival Sydney,
|d 1890-
|
| 700 |
1 |
|
|a Stelck, C. R.,
|d 1917-
|
| 700 |
1 |
|
|a Chatterton, B. D. E.
|q (Brian D. E.)
|
| 710 |
2 |
|
|a Geological Association of Canada.
|
| 710 |
2 |
|
|a Edmonton Geological Society.
|
| 830 |
|
0 |
|a Geological Association of Canada special paper ;
|v 18.
|
| 999 |
|
|
|a MARS
|
| 999 |
f |
f |
|s 354bdab0-82b0-3c23-9595-0b75122c6a4b
|i fe694961-f723-34d2-ab68-4a8cbb90028e
|t 0
|
| 952 |
f |
f |
|p normal
|a Texas A&M University
|b College Station
|c Sterling C. Evans Library
|d Evans: Library Stacks
|t 0
|e QE748.A1 W37 1976
|h Library of Congress classification
|i unmediated -- volume
|m A14811552897
|
| 998 |
f |
f |
|a QE748.A1 W37 1976
|t 0
|l Evans: Library Stacks
|